=LDR 00000nam 2200000 4500 =001 INLIS000000000023220 =005 20130612121910 =008 ***********************************Ind** =035 ##$$0010-061300000023220 =041 ##$$a Ind =082 ##$$a 574.076 =090 ##$$a 574.076, Pel-p =245 ##$$a PR Biologi kelas 1 dan 2 cawu 3 SMU =300 ##$$a 48 hlm., ilus, 27 cm =650 ##$$a Pelajaran Biologi =850 ##$$a NBPNMAT